Datum a čas kvízu
28
Celkem bodů
Celkový počet nahraných bodů na tomto kvízu bez doplňovacích otázek.
9.
Pořadí na kvízu
Konečné umístění týmu na tomto kvízu.
Zaznamenané odpovědi
| # | Otázka | Odpověď | Body | Výsledky |
|---|---|---|---|---|
| 1. | Armáda České republiky spustil... | hodnost vraníka | 0 | |
| 2. | V okolí londýnské stanice metr... | Burberry | 1 | |
| 3. | Českých sci-fi filmů nebývá ka... | Bod obnovy | 0 | |
| 4. | V pondělí byla slavnostně zahá... | v Brně | 1 | |
| 5. | V neděli v Berlíně překonala 2... | Etiopii | 1 | |
| 6. | Pes jménem Argos je známý z an... | Odysseovi | 1 | |
| 7. | Jistý extravagantní umělec za... | Salvadora Dalího | 1 | |
| 8. | Dokážete přiřadit následující... | 1C 2B 3A 4D | 0 | |
| 9. | Jak se jmenuje kočka na obrázk... | Micka | 1 | |
| 10. | Astronom konce 16. století cho... | Tycho Brahe | 0 |